| 000 | 00648nam a2200229Ia 4500 | ||
|---|---|---|---|
| 003 | 0100 | ||
| 008 | 130303s9999 xx 000 0 und d | ||
| 020 | _a312052839 | ||
| 040 | _cARRUPELIB | ||
| 050 | _aDB86.W515 1990 | ||
| 100 | _aWilliamson, Samuel R | ||
| 245 | _aAustria-Hungary and the origins of the First World War | ||
| 260 | _aNew York | ||
| 260 | _bSt. MArtin's Press | ||
| 260 | _C1990 | ||
| 300 | _axviii | ||
| 300 | _b 272 p. 22 cm | ||
| 440 | _aThe making of the 20th Century | ||
| 650 | _bShrewsbury (England)--Fiction Detective and mystery stories Historical fiction | ||
| 700 | _aSamuel R. Williamson | ||
| 942 | 0 | 0 | _01 |
| 999 |
_c14644 _d14644 |
||